000 02441nam a2200301 i 4500
001 000048070
003 DO-SdBNP
005 20250313153752.0
007 ta
008 181113s2016 dr a 000 0 spa d
020 _a9789945600568
040 _aDO-SdBNP
_bspa
_cBNPHU
_erda
082 4 _axxx
_bB451d
_222
100 1 _aBelmar, Álvaro,
_eautor
_4aut.
_975575
245 1 3 _aLa digitalización :
_bevolución de la documentación /
_cÁlvaro Belmar.
250 _aprimera edición
264 1 _aSanto Domingo :
_bBúho,
_c2016.
300 _aviii, 274 páginas :
_bilustraciones ;
_c23 cm.
336 _atexto
_btxt
_2rdacontent
337 _asin mediación
_bnc
_2rdamedia
338 _avolumen
_bn
_2rdacarrier
500 _aIncluye datos biográficos del autor en la solapa de la cubierta.
500 _aIncluye referencias bibliográficas y notas al pie de las páginas.
505 0 _aPrimera parte -- Antecedentes -- Impacto de la digitalización -- Historia de la documentación -- Etapas de evolución del registro documental -- Segunda parte -- Los inicios -- Arte rupestre -- Registro líticos -- La alfarería y la cerámica -- Estructuras -- La percepción y el registro del tiempo -- Edad de los metales -- La rueda, -- El dinero -- Nacimiento de la escritura y el registro de las ciencias y las religiones -- Mesopotamia -- Egipto, -- China -- Valle del Indo -- Algo más sobre la escritura y las antiguas lenguas -- Otros grandes escritos -- Precursores de la telecomunicación -- Los primeros centros de documentación y de alto estudios -- Del papel a la imprenta -- Mapas y cartografía -- Tercera parte -- Magnetismo -- Almacenamiento magnético de datos -- Uniformicemos conceptos -- ¿Qué entendemos por digitalización? -- ¿Es lo mismo digitar que digitalizar? -- Breve historia del sistema binario -- Mundo de códigos y formatos -- El código en la programación de computadores -- Formatos de almacenamiento -- ¿Qué es una versión? -- Datos versus información -- Gráfico versus imagen -- Archivo de datos versus base de datos -- Almacenamiento y representación de imágenes -- --Formatos de almacenamientos digitales comunes -- Un mercado dinámico -- Códigos de barras -- Inicios de la digitalización -- La digitalización de documentos -- Escáner de documentos físicos -- Otros escáneres -- A modo de conclusión.
590 _aInventariado, 2018/LP
910 _aBtavárez
942 _2ddc
_cLBS1
999 _c47558
_d47558